000 00346 a2200157 4500
001 59057
020 _a8570562748
040 _cAnchieta - Pituba
100 _aMontenegro, Antonio Torres
240 1 0 _aReinventando a liberdade
_lpor
245 1 0 _aReinventando a liberdade
300 _a73
362 0 _a1989
650 4 _aBrasil
942 _cBK
999 _c59057
_d59057